1995 1553 1459 1968 1387 1761 1789 1550 1737 1087 1457 1445 1885 1168 1814 1722 1782 1038 1515 1368 1726 1637 1149 1985 1037 1155 1059 1551 1930 1150 1435 1551 1146 1457 1595 1564 1954 1835 1388 1989 1893 1920 1745 1895 1190 1418 1918 1842 1558 1726 1123 1474 1490 1179 1129 1304 1312 1973 1696 1731 1913 1512 1117 1895 1653 1830 1910 1854 1613 1279 1201 1764 1808 1570 1604 1389 1450 1347 1255 1243 1862 1685 1376 1171 1571 1731 1033 1286 1230 1344 1157 1351 1635 1174 1941 1798 1490 1573 1019 BCNSPRNW ULIB Ver.6.0+V

เปลี่ยนเป็นภาษาไทย

Change to English
 แสดงรายละเอียดบรรณานุกรม
  กลับหน้าหลัก

Brief Record : Get Marc (ISO 2709) : E-mail record : QR code < ปิดหน้าต่าง
LEADER : 00000nam 2200000uu 4500
001    13399114271
003     ULIB
008    120222s||||||||th 000 0 tha d
020    9786167045382
060 04 ^aQV772^bร148ย
100 0  ^aปราณี ทู้ไพเราะ
245 10 ยาสามัญประจำบ้าน ชุด ยาแผนปัจจุบัน /^cล่วมยา
250    ^aพิมพ์ครั้งที่ 1
260    ^aกรุงเทพฯ :^bภูมิปัญญา,^c2553
300    160 หน้า
650  7 ^aการใช้ยา
650  7 ยาประจำบ้าน
710 2  ภูมิปัญญา
945    ^p100^l0^i031258
995    ^aทศพร
999    ^aใช้งานได้ทุกระบบ
รายการนี้ยังไม่มีแท็ก
คุณยังไม่ได้ล็อกอิน คุณสามารถมีกิจกรรมร่วมกับเว็บไซต์ได้ แต่ต้องล็อกอินก่อน ::
  ล็อกอิน

รายการสื่อสารสนเทศ

ลำดับที่ ประเภท เลขเรียก/บาร์โค้ด สถานที่ สถานะ
- ไม่พบข้อมูล -

รายการใกล้เคียง
    ผู้แต่ง [ปราณี ทู้ไพเราะ]

    หัวเรื่อง [การใช้ยา]

BibComment


ยังไม่เคยถูกคอมเมนท์

คอมเมนท์ทรัพยากรรายการนี้
  คอมเมนท์: ยาสามัญประจำบ้าน ..


 Copyright 2026. Bcnsprnw @Library